Využitie umelej inteligencie pri stratégií rozhodovania prechodu mobilnej stanice

Saved in:
Bibliographic Details
Main Author: Brezáni, Alexander (Author)
Other Authors: Bencel, Rastislav (Thesis advisor)
Format: Manuscript Book
Language:Slovak
Published: 2021
Subjects:
Online Access:http://is.stuba.sk/zp/portal_zp.pl?podrobnosti=157291
Tags: Add Tag
No Tags, Be the first to tag this record!

MARC

LEADER 00000ntm a22000003a 4500
001 stuzp85716
003 SK-STU
005 20210619212136.9
007 ta
008 150427s2015----xo-----f-mn---000-0-slo-d
040 |a STU  |b slo 
041 0 |a slo 
100 1 |a Brezáni, Alexander  |u 070400  |4 aut  |U FIIT Fakulta informatiky a informačných technológií  |T FIIT Ústav počítačového inžinierstva a aplikovanej informatiky  |X 85787  |U I400  |Y 672  |7 85787 
242 0 1 |a Utilizing artificial intelligence in mobile handoff decision strategies  |y eng 
245 1 0 |a Využitie umelej inteligencie pri stratégií rozhodovania prechodu mobilnej stanice 
260 |c 2021 
650 4 |a Prechod mobilnej stanice  |2 slo 
650 4 |a Posilnené učenie  |2 slo 
650 4 |a Matlab  |2 slo 
650 4 |a Stratégie prechodu mobilnej stanice  |2 slo 
650 4 |a WiFI  |2 slo 
650 4 |a Handoff decision strategies  |2 eng 
650 4 |a Matlab  |2 eng 
650 4 |a Handoff  |2 eng 
650 4 |a Reinforcement Learning  |2 eng 
650 4 |a WiFi  |2 eng 
700 1 |a Bencel, Rastislav  |u 070400  |k Z1  |4 ths  |U FIIT Fakulta informatiky a informačných technológií  |T FIIT Ústav počítačového inžinierstva a aplikovanej informatiky  |X 64492  |U I400  |Y 672  |7 64492 
856 4 |u http://is.stuba.sk/zp/portal_zp.pl?podrobnosti=157291